000 00687nam a2200265Ia 4500
005 20260302115902.0
008 008 260114s9999 xx 000 0 eng d
020 _a9781526516664
037 _aTextbook
040 _aCRL
040 _beng
040 _cCRL
041 _2eng
041 _aeng
084 _qCRL
100 _aMark Symes and Peter Jorro
_91122967
245 0 _aImmigration Appeals and Remedies Handbook
260 _bBloomsbury
260 _bBloomsbury Professional
260 _c2021
650 _aLaw
856 _uhttps://doi.org/10.5040/9781526516664?locatt=label:secondary_bloomsburyCollections
942 _cEBOOK
999 _c1687803
_d1687803